000 00618nam a2200241Ia 4500
003 OSt
005 20220918225232.0
006 a|||||r|||| 00| 0
007 ta
008 220917b |||||||| |||| 00| 0 eng d
024 _a238,815
037 _cTextual
040 _aARTS
_cARTS
_beng
041 _2eng
_aeng
082 _aV73:3, K3;M3
100 _aGriffith Ernest S
245 0 _aAmerican system of government
250 _aSixth Edition
260 _aNew York
_bMethuen
_c1983
650 _aHISTORY
942 _hV73:3, K3;M3
_cTEXL
_2CC
999 _c283999
_d283999